Greenhouse operation and management / (رقم التسجيلة. 37781)

تفاصيل مارك
000 -الفاتح
حقل البيانات ثابتة الطول 00877cam a22002774a 4500
001 - رقم الضبط
رقم الضبط 16586417
003 - محدد رقم الضبط
رقم الضبط OSt
005 - وقت وتاريخ اخر تعامل مع التسجيلة
رقم الضبط 20150729015133.0
008 - عناصر البيانات ثابتة الطول - معلومات عامة
حقل البيانات ثابتة الطول 101217s2014 enka b 001 0 eng
010 ## - رقم ضبط مكتبة الكونجرس
رقم ضبط مكتبة الكونجرس 2010053104
020 ## - الرقم الدولى المعيارى للكتب
الرقم الدولى المعيارى للكتاب 9781292027685
035 ## - رقم ضبط النظام
رقم ضبط النظام (DNAL)1076340
040 ## - مصدر الفهرسة
وكالة الفهرسة الأصلية DNAL/DLC
وكالة النسخ DLC
وكالة التعديل DLC
042 ## - رمز التحقق
رمز التحقق pcc
082 00 - رقم تصنيف ديوى العشرى
رقم التصنيف 635.9823068
رقم المادة NPG
رقم الطبعة 22
100 1# - المدخل الرئيسى - إسم شخصى
الإسم الشخصى Nelson, Paul V.
9 (RLIN) 49778
245 10 - بيان العنوان
العنوان Greenhouse operation and management /
بيان المسئوليه,etc Paul V. Nelson.
250 ## - بيان الطبعة
بيان الطبعة 7th ed., Pearson new international edition.
260 ## - PUBLICATION, DISTRIBUTION, ETC. (IMPRINT)
مكان الناشر او الموزع Harlow, Essex :
اسم الناشر او الموزع Pearson Education Limited,
تاريخ النشر أو التوزيع 2014.
300 ## - الوصف المادى
التعداد xv, 566 p. :
تفاصيل ماديه اخرى للوعاء ill. (some col.) ;
أبعاد الوعاء 28 cm.
504 ## - تبصرة ببليوجرافية
تبصرة ببليوجرافية,الخ Includes bibliographical references and index.
650 #0 - المدخل الاضافى بالموضوع-مصطلح موضوعى
مصطلح موضوعي أو اسم جغرافي كعنصر مدخل Greenhouse management.
9 (RLIN) 49779
650 #0 - المدخل الاضافى بالموضوع-مصطلح موضوعى
مصطلح موضوعي أو اسم جغرافي كعنصر مدخل Floriculture.
9 (RLIN) 49780
942 ## - عناصر المدخل الإضافي( كوها)
مصدر التصنيف او مخطط الترفيف Dewey Decimal Classification
Koha [default] item type كتاب
المقتنيات
حالة الفقد نموذج السعر الفعال حالة تلف ليس للاعارة رقم الطلب رقم النسخة تاريخ الاكتساب الموقع الحالي الباركود الفرع الرئيسي Date last seen نوع المادة فى نظام كوها مصدر التصنيف او خطة الترفيف Total Checkouts
  2015-07-29   Not For Loan 635.9823068 NPG 1 2015-07-29 المكتبة المركزية بالمجمعة (CL) 00216336 المكتبة المركزية بالمجمعة (CL) 2015-07-29 كتاب Dewey Decimal Classification  
  2015-07-29     635.9823068 NPG 2 2015-07-29 المكتبة المركزية بالمجمعة (CL) 00216337 المكتبة المركزية بالمجمعة (CL) 2015-07-29 كتاب Dewey Decimal Classification  
  2015-07-29     635.9823068 NPG 3 2015-07-29 المكتبة المركزية بالمجمعة (CL) 00216338 المكتبة المركزية بالمجمعة (CL) 2015-07-29 كتاب Dewey Decimal Classification